000 02524nam0a2200397 i 4500
001 RU\NLR\BIBL_A\010358063
005 20241101201218.0
010 _a9785894286969
_9500
021 _aRU
_b2014-20776
_91289
035 _a(NLR Aleph) 010358063
090 _a10769423
_c10769423
100 _a20140519d2013 u y0rusy50 ca
101 0 _arus
_aeng
_deng
102 _aRU
105 _aab||j|||001yy
200 1 _aИстория древнеанглийского периода английского языка в тестах, таблицах и картах
_dThe history of the old english language in tests, tables and maps
_eучебное пособие по дисциплине "История языка" для студентов факультетов иностранных языков педагогических университетов
_fН.В. Дубровская, Н.С. Коваленко
_gМ-во образования и науки Рос. Федерации, Федер. гос. бюджет. образоват. учреждение высш. проф. образования "Том. гос. пед. ун-т" (ТГПУ)
_zeng
210 _aТомск
_cИзд-во Томского государственного педагогического университета
_d2013
215 _a71 с.
_cил., карт.
_d20
300 _aРез. на англ. яз.
320 _aБиблиогр.: с. 70-71 (25 назв.)
510 1 _6z92790
_aThe history of the old english language in tests, tables and maps
_zeng
606 _aДревнеанглийский язык
_jУчебные издания для высших учебных заведений
_9976192
_3RU\NLR\AUTH\6648071
675 _a821.111(075.8)
686 1 _aШ143.21-93рус3-0
700 1 _7ca
_8rus
_aДубровская
_bН. В.
_gНаталья Викторовна
_9142520
_3RU\NLR\AUTH\770142556
701 1 _7ca
_8rus
_aКоваленко
_bН. С.
_f1981-
_gНадежда Сергеевна
_9142522
_3RU\NLR\AUTH\770142558
790 1 _7ba
_8rus
_aDubrovskaja
_bN. V.
_gNatal'ja Viktorovna
_9142524
_3RU\NLR\AUTH\770142560
790 1 _7ba
_8rus
_aKovalenko
_bN. S.
_f1981-
_gNadežda Sergeevna
_9142525
_3RU\NLR\AUTH\770142561
801 0 _aRU
_bRuMoRKP
_c20140320
_gRCR
801 2 _aRU
_bРГБ
_c20140327
801 1 _aRU
_bRuMoRKP
_c20140320
_2rusmarc
942 _cBOOK
980 _aNBR